|
|
|
|
| LEADER |
01780nam a22003973i 4500 |
| 001 |
EBC7015049 |
| 003 |
MiAaPQ |
| 005 |
20231204023225.0 |
| 006 |
m o d | |
| 007 |
cr cnu|||||||| |
| 008 |
231204s2021 xx o ||||0 eng d |
| 020 |
|
|
|a 9783110726534
|q (electronic bk.)
|
| 035 |
|
|
|a (MiAaPQ)EBC7015049
|
| 035 |
|
|
|a (Au-PeEL)EBL7015049
|
| 035 |
|
|
|a (OCoLC)1262307931
|
| 040 |
|
|
|a MiAaPQ
|b eng
|e rda
|e pn
|c MiAaPQ
|d MiAaPQ
|
| 100 |
1 |
|
|a Dağyeli, Jeanine Elif.
|
| 245 |
1 |
0 |
|a Claiming and Making Muslim Worlds :
|b Religion and Society in the Context of the Global.
|
| 250 |
|
|
|a 1st ed.
|
| 264 |
|
1 |
|a Berlin/Boston :
|b Walter de Gruyter GmbH,
|c 2021.
|
| 264 |
|
4 |
|c {copy}2021.
|
| 300 |
|
|
|a 1 online resource (308 pages)
|
| 336 |
|
|
|a text
|b txt
|2 rdacontent
|
| 337 |
|
|
|a computer
|b c
|2 rdamedia
|
| 338 |
|
|
|a online resource
|b cr
|2 rdacarrier
|
| 490 |
1 |
|
|a ZMO-Studien Series ;
|v v.40
|
| 520 |
|
|
|a The refereed series ZMO-Studien publishes monographs and edited volumes which mirror the interdisciplinary research programme and approach of the Leibniz-Zentrum Moderner Orient.
|
| 588 |
|
|
|a Description based on publisher supplied metadata and other sources.
|
| 590 |
|
|
|a Electronic reproduction. Ann Arbor, Michigan : ProQuest Ebook Central, 2023. Available via World Wide Web. Access may be limited to ProQuest Ebook Central affiliated libraries.
|
| 655 |
|
4 |
|a Electronic books.
|
| 700 |
1 |
|
|a Ghrawi, Claudia.
|
| 700 |
1 |
|
|a Freitag, Ulrike.
|
| 776 |
0 |
8 |
|i Print version:
|a Dağyeli, Jeanine Elif
|t Claiming and Making Muslim Worlds
|d Berlin/Boston : Walter de Gruyter GmbH,c2021
|
| 797 |
2 |
|
|a ProQuest (Firm)
|
| 830 |
|
0 |
|a ZMO-Studien Series
|
| 856 |
4 |
0 |
|u https://ebookcentral.proquest.com/lib/matrademy/detail.action?docID=7015049
|z Click to View
|